00707nam a2200241 a 4500001001300000003000900013005001700022008004100039020000800080082001700088100002800105245002300133260003600156300000900192500003500201505003400236650002400270700002800294902000800322942000700330952011300337999001500450nice12345678IN_TiNIC20260116011510.0050524s1956 dela grp 000 0 urd  ac500a297.23bNIZ1 aNizami, S Hasan Chishti aAasmani Safar Nama aDelhibAastana Book Depotc1956 a212p aincludes index and biblioraphy2 ascn book club study project.3 aEschatology-Islamic1 aNizami, S Hasan Chishti bSRS cBK 001040708StackRoom-aHMIbHMId2007-07-13g5.00l0o297.23 NIZ1p03628r2007-07-13v5.00w2005-05-24yBK c2056d2056